<?xml version="1.0" encoding="UTF-8"?><?xml-stylesheet type="text/xsl" href="static/style.xsl"?><OAI-PMH xmlns="http://www.openarchives.org/OAI/2.0/" xmlns:xsi="http://www.w3.org/2001/XMLSchema-instance" xsi:schemaLocation="http://www.openarchives.org/OAI/2.0/ http://www.openarchives.org/OAI/2.0/OAI-PMH.xsd"><responseDate>2026-06-29T02:43:20Z</responseDate><request verb="GetRecord" identifier="oai:docta.ucm.es:20.500.14352/118810" metadataPrefix="marc">https://docta.ucm.es/rest/oai/request</request><GetRecord><record><header><identifier>oai:docta.ucm.es:20.500.14352/118810</identifier><datestamp>2025-03-18T12:36:38Z</datestamp><setSpec>com_20.500.14352_14</setSpec><setSpec>col_20.500.14352_15</setSpec></header><metadata><record xmlns="http://www.loc.gov/MARC21/slim" xmlns:dcterms="http://purl.org/dc/terms/" xmlns:xsi="http://www.w3.org/2001/XMLSchema-instance" xmlns:doc="http://www.lyncode.com/xoai" xsi:schemaLocation="http://www.loc.gov/MARC21/slim http://www.loc.gov/standards/marcxml/schema/MARC21slim.xsd">
   <leader>00925njm 22002777a 4500</leader>
   <datafield ind2=" " ind1=" " tag="042">
      <subfield code="a">dc</subfield>
   </datafield>
   <datafield ind2=" " ind1=" " tag="720">
      <subfield code="a">De la Cuesta Torrado, María</subfield>
      <subfield code="e">author</subfield>
   </datafield>
   <datafield ind2=" " ind1=" " tag="720">
      <subfield code="a">Velloso Alvarez, Ana</subfield>
      <subfield code="e">author</subfield>
   </datafield>
   <datafield ind2=" " ind1=" " tag="720">
      <subfield code="a">Santiago Llorente, Isabel</subfield>
      <subfield code="e">author</subfield>
   </datafield>
   <datafield ind2=" " ind1=" " tag="720">
      <subfield code="a">Armengou, Lara</subfield>
      <subfield code="e">author</subfield>
   </datafield>
   <datafield ind2=" " ind1=" " tag="720">
      <subfield code="a">Nieto, Federico</subfield>
      <subfield code="e">author</subfield>
   </datafield>
   <datafield ind2=" " ind1=" " tag="720">
      <subfield code="a">Ríos, José</subfield>
      <subfield code="e">author</subfield>
   </datafield>
   <datafield ind2=" " ind1=" " tag="720">
      <subfield code="a">Cruz López, Fátima</subfield>
      <subfield code="e">author</subfield>
   </datafield>
   <datafield ind2=" " ind1=" " tag="720">
      <subfield code="a">Cunilleras, Eduard  Jose</subfield>
      <subfield code="e">author</subfield>
   </datafield>
   <datafield ind2=" " ind1=" " tag="260">
      <subfield code="c">2025</subfield>
   </datafield>
   <datafield ind2=" " ind1=" " tag="520">
      <subfield code="a">Background: Equine herpesvirus myeloencephalopathy (EHM) is a persistent threat to horses, with unclear risk factors and disease severity.
Objectives: To evaluate risk factors, effective reproduction rate (Rt), and long-term athletic outcomes of an EHM outbreak.
Methods: Retrospective study of the 2021 EHM outbreak in Valencia, Spain, examining associations between risk factors (sex, age, breed, country of origin, and vaccination status) and case fatality rate, EHM development, and odds of returning to competition using odds ratios [95% CI] and Rt via the Robert Kochs Institute method.
Results: Among 191 horses, 38 (20%) were clinically normal, 13 (7%) were subclinical, and 140 (73%) presented clinical signs (89 EHM, 64%). One hundred sixty horses were isolated at the show, while 47 were treated in hospitals. The mean age was 9.8 ± 3.0 years; 85 (45%) were mares, 79 (41%) geldings, and 27 (14%) stallions. The EHM case fatality rate was 11/89 (12%). Vaccination was associated with EHM development (4.54[2.23-9.27]; OR[95% CI]; p &lt; 0.001) and case fatality rate (3.9[1.1-14.4]; OR[95% CI]; p &lt; 0.043). EHV-1-infected horses without EHM were more likely to return to competition (54/61; 89%) than those recovering from EHM (65/89; 73%; p = 0.024). It was initially 4.2 and decreased to &lt; 1 within 2 weeks of the outbreak.
Conclusions: During the 2021 EHV-1 outbreak in Valencia, vaccination status appears to be associated with EHM development. Horses recovering from EHM had slightly lower chances of returning to competition than those shedding EHV-1 without EHM. The high Rt value underscores the contagious nature of EHV-1.</subfield>
   </datafield>
   <datafield ind1="8" ind2=" " tag="024">
      <subfield code="a">de la Cuesta-Torrado, M., Velloso Alvarez, A., Santiago-Llorente, I., Armengou, L., Nieto, F., Ríos, J., Cruz-López, F., &amp; Jose-Cunilleras, E. (2025). Risk Factors and Long-Term Outcomes in Horses After the 2021 Outbreak of Equine Herpesvirus 1 Myeloencephalopathy, Valencia, Spain. Journal of veterinary internal medicine, 39(2), e70040. https://doi.org/10.1111/jvim.70040</subfield>
   </datafield>
   <datafield ind1="8" ind2=" " tag="024">
      <subfield code="a">0891-6640</subfield>
   </datafield>
   <datafield ind1="8" ind2=" " tag="024">
      <subfield code="a">10.1111/jvim.70040</subfield>
   </datafield>
   <datafield ind1="8" ind2=" " tag="024">
      <subfield code="a">https://hdl.handle.net/20.500.14352/118810</subfield>
   </datafield>
   <datafield ind1="8" ind2=" " tag="024">
      <subfield code="a">1939-1676</subfield>
   </datafield>
   <datafield ind1="8" ind2=" " tag="024">
      <subfield code="a">https://doi.org/10.1111/jvim.70040</subfield>
   </datafield>
   <datafield ind1="8" ind2=" " tag="024">
      <subfield code="a">40055829</subfield>
   </datafield>
   <datafield ind2="0" ind1="0" tag="245">
      <subfield code="a">Risk Factors and Long‐Term Outcomes in Horses After the 2021 Outbreak of Equine Herpesvirus 1 Myeloencephalopathy, Valencia, Spain</subfield>
   </datafield>
</record></metadata></record></GetRecord></OAI-PMH>